Crossed words: criticism in scholarly writing

Guardat en:
Dades bibliogràfiques
Autors principals: Salager-Meyer, Francoise (Autor), Lewin, Beverly A (Autor)
Format: Llibre
Idioma:anglès
Publicat: Berna Peter Lang 2011
Col·lecció:Linguistic Insights, 104
Matèries:
Etiquetes: Afegir etiqueta
Sense etiquetes, Sigues el primer a etiquetar aquest registre!

MARC

LEADER 00000cam a2200000 a 4500
001 UCF0042
003 CL-VaPUC
008 120423e20110000SZ |||||||||||||||||eng|d
020 |a 9783034300490 
082 0 4 |a 401.43  |b SAL  |2 21 
100 0 |a Salager-Meyer, Francoise  |e author  |9 561848 
700 |a Lewin, Beverly A  |e author  |9 561849 
245 1 0 |a Crossed words: criticism in scholarly writing 
300 |a 371 p 
942 |c BK 
945 |d 20120423 00:00:00  |a dcastane 
260 |a Berna  |b Peter Lang  |c 2011 
650 0 |a Semántica  |9 265318 
650 0 |a Lingüística  |9 265068 
650 0 |a Lenguaje y comunicación  |9 395921 
583 |a last modification  |c 20120904 04:50:40  |k Rodrigo Vera 
490 0 |a Linguistic Insights, 104 
999 |c 347548  |d 347546 
952 |0 0  |1 0  |4 0  |6 401_430000000000000_SAL_2011  |7 0  |8 A  |9 448970  |a FDOPOS  |b FDOPOS  |d 2019-11-22  |i 4861043  |o 401.43 SAL 2011  |p 4861043  |r 2025-01-22  |w 2019-11-22  |y BK  |k DLA